Statistics for Tracklist - Born to Die by Lana Del Rey

Click here to take the quiz!

General Stats

  • This quiz has been taken 14 times
  • The average score is 14 of 24

Answer Stats

Answer% Correct
Born to Die
91%
Summertime Sadness
82%
Video Games
82%
Dark Paradise
73%
Off to the Races
73%
Bel Air
64%
Blue Jeans
64%
Diet Mountain Dew
64%
Lolita
64%
Million Dollar Man
64%
Ride
64%
This is What Makes Us Girls
64%
Without You
64%
American
55%
Cola
55%
National Anthem
55%
Radio
55%
Blue Velvet
45%
Body Electric
45%
Burning Desire
45%
Carmen
45%
Gods and Monsters
45%
Lucky Ones
45%
Yayo
45%

Score Distribution

Percentile by Number Answered

Percent of People with Each Score

Your Score History

You have not taken this quiz